01706nam a22004457a 4500003000500000005001700005008004100022010000900063011000900072035000900081040000900090090001000099100004100109245019800150260004000348300001100388500001100399502007500410590003700485590004100522590004100563590004100604590004100645590004100686590004100727590004200768650001300810650003100823650003100854650003600885650002100921700004000942700003600982700004201018901000701060942001001067949004101077999001501118952012701133CHAP20220817041110.0971013s1992 r 00010 d a6346 a7318 a6541 cCHAP aTesis00aRivera Reyes, José Enrique.997735 aEfecto del período de descanso sobre la estructura y utilización de una pradera asociada graminea (Dactylis glomerata var. Potomac) leguminosa (Medicago sativa var. Valenciana); quinta fase aChapingo, Méx. :bEl autor,c1992 a106 h. a61-243 aTesis (Ing. Agr. Esp. en Zootecnia) -- UACH. Departamento de Zootecnia aALEPHb10c20130110lUCH01h1218 aBATCH-UPDb10c20130110lUCH01h0000 aBATCH-UPDb10c20130110lUCH01h0236 aBATCH-UPDb10c20130110lUCH01h1537 aBATCH-UPDb10c20130409lUCH01h1934 aBATCH-UPDb10c20130410lUCH01h0941 aBATCH-UPDb10c20130914lUCH01h0228 aCONVERSIONb10c20130109lUCH01h130514aAlfalfa.14aCultivos asociados.93037014aDactylis glomerata.93086514aGanado vacunoxPastoreo.94550214aPraderas.9912300 aAlvarado Mendez, Pepe Emilio.948040 aLópez Ríos, Rolando.9683010 aPeralta Espinosa, Juan Carlos.987017 aBK cTESIS bBCcTESd-16148eTS1h25867i6541si c6346d6346 00102local4051708TESISaBCbBCcPA_TESISd2019-12-31fTESISl0oTesisp-16148r2019-12-31 00:00:00w2019-12-31yTESIS